AFL Richmond Tigers Player Numbers - Statistics

General Stats
  • This quiz has been taken 14 times
  • The average score is 16 of 43
Answer Stats
Hint Answer % Correct
Nick Vlastuin 1
75%
Sam Lalor 4
75%
Maurice Rioli 17
67%
Seth Campbell 44
67%
Tom Lynch 19
58%
Noah Balta 21
58%
Sam Grlj 24
58%
Toby Nankervis 25
58%
Dion Prestia 3
58%
Jonty Faull 8
58%
Tim Taranto 14
50%
Mykelti Lefau 42
50%
Ben Miller 12
42%
Hugo Ralphsmith 13
42%
Jayden Short 15
42%
Judson Clarke 23
42%
Steely Green 48
42%
Jack Ross 5
42%
Campbell Gray 50
42%
Sam Banks 6
42%
Rhyan Mansell 7
42%
Luke Trainor 11
33%
Jacob Hopper 2
33%
Kane McAuliffe 28
33%
Tom Brown 30
33%
Harry Armstrong 34
33%
Nathan Broad 35
33%
Liam Fawcett 43
33%
Josh Smillie 16
25%
Josh Gibcus 18
25%
Samson Ryan 32
25%
James Trezise 36
25%
Tom Sims 38
25%
Tyler Sonsie 40
25%
Kaleb Smith 49
25%
Taj Hotton 10
17%
Sam Cumming 22
17%
Jasper Alger 29
17%
Patrick Retschko 33
17%
Thomas Burton 45
17%
Oliver Hayes-Brown 47
17%
Zane Peucker 26
8%
Noah Roberts-Thomson 27
8%
No matching quizzes found
Score Distribution
Percent of People with Each Score
Percentile by Number Answered
Your Score History
You have not taken this quiz